000
00275nam a22001097a 4500
082
_a
621.3815287 GRI'T
100
_a
GRIFFIN, A,RAMSHAW, R. S
_9
79395
245
_a
THE THYRISTOR AND ITS APPLICATIONS
260
_a
LONDON
_b
CHAPMAN & HALL
_c
1965
300
_a
175P
942
_c
BK
999
_c
584439
_d
584439